[Event "Werner-Ott-Open Kreuzberger Sommer 2018"]
[Site "Berlin"]
[Date "2018.07.05"]
[Round "6.11"]
[White "Silz, Elisa"]
[Black "Jaeger, Andre"]
[Result "1/2-1/2"]
[WhiteElo "1988"]
[BlackElo "1922"]
[Annotator "Lange,A1&BB_R_640941"]
[PlyCount "66"]
[EventDate "2018.06.30"]
[EventType "swiss"]
[EventRounds "9"]
[EventCountry "GER"]
[SourceTitle "WOOKS_2018_R6"]
[Source "Andreas Lange"]
[SourceDate "2018.07.05"]
[SourceVersion "1"]
[SourceVersionDate "2018.07.05"]
[SourceQuality "1"]
[WhiteTeam "SV Empor Berlin"]
[BlackTeam "SC Rochade"]
[WhiteTeamCountry "GER"]
[BlackTeamCountry "GER"]

{A35: Englische Eröffnung (Symmetrische Variante)} 1. d4 g6 2. Nf3 Bg7 3. c4 c5
4. Nc3 cxd4 5. Nxd4 Nc6 6. e3 Nf6 7. Be2 O-O 8. O-O Nxd4 9. exd4 d5 10. Bf4
$146 (10. c5 Ne4 11. Nxe4 dxe4 12. Be3 f5 13. Bc4+ Kh8 14. Qd2 e5 15. dxe5 Bxe5
16. Rad1 Qxd2 17. Rxd2 f4 18. Bd4 Bxd4 19. Rxd4 Bf5 20. f3 exf3 21. Rxf3 g5 22.
Rb3 Rab8 23. Bd3 Be6 24. Bc4 Bf5 {Richter,M-Lipinsky,F, DVM 1992 U20, Dortmund
1992, 1-0 (36)}) (10. Re1 dxc4 11. Bxc4 b6 12. Bf4 Bb7 13. d5 Rc8 14. Bb3 Rc5
15. d6 exd6 16. Bxd6 Rg5 17. g3 Re8 18. Bf4 Rxe1+ 19. Qxe1 Rf5 20. Rd1 Qf8 21.
Bc7 Qc5 22. Rd8+ Bf8 23. Bd6 Qxd6 24. Rxd6 Bxd6 {Berg,K (2340)-Huebner,R (2605)
, 1. Bundesliga 1984/85, Deutschland 1985, ½-½ (52)}) (10. cxd5 Nxd5 11. Bf3
Be6 (11... Nb6 12. Be3 Nc4 13. Qb3 Nd6 14. Rad1 Bf5 15. Rfe1 Be6 16. d5 Bd7 17.
Bg5 Re8 18. Qb4 f6 19. Bf4 a5 20. Qa3 Qb6 21. Ne4 Nxe4 22. Rxe4 Bf8 23. Be3 Qb5
24. Bc5 Bf5 25. Re3 e5 26. Bxf8 {Muse,D (2412)-Rahls,P (2308), Berlin, BEM
2001 Klasse M, 1-0 (57)}) 12. Re1 Re8 13. Ne4 (13. Bg5 Nxc3 14. bxc3 Qc7 15.
Qd2 Rac8 16. Re3 Qa5 17. h4 h6 18. Bf4 Bd5 19. Rae1 e6 20. Be5 Red8 21. Bxg7
Kxg7 22. Bxd5 Rxd5 23. Rf3 Rc4 24. Re4 Ra4 25. g4 e5 26. Qe3 Qb5 27. Kg2 Rxa2 {
Mueller,M (2205)-Berger,S (2315), 2. Bundesliga Nord 2003/04, Berlin 2003 0-1 
(38)}) 13... Nf6 14. Nc5 Bd5 15. Be3 b6 16. Nd3 Rc8 17. Nb4 Bxf3 18. Qxf3 Qd6
19. a3 e6 20. Rac1 a5 21. Nc6 Nd5 22. Na7 Rxc1 23. Rxc1 Qd7 24. Nc6 Rc8 {
Silz,E (1973)-Gaerths,R (2169), Berlin, Lichtenberger Sommer 2016, 0-1 (44)})
10... a6 11. c5 Bd7 12. Rc1 Rc8 13. b4 Bc6 14. a4 Ne4 15. b5 Nxc3 16. Rxc3 axb5
17. axb5 Be8 18. Qd3 Qa5 19. Rb1 Qa4 20. Be5 Bxe5 21. dxe5 e6 22. g3 Bd7 23.
Ra3 Qc4 {(=)} 24. Qxc4 dxc4 25. c6 bxc6 26. b6 c5 27. Bxc4 Bc6 28. Ra7 Rb8 29.
Ra5 Be4 30. Rb2 Rfc8 31. f4 Kg7 32. Ra7 Rc6 33. Ra5 Rcxb6 1/2-1/2

[Event "Werner-Ott-Open Kreuzberger Sommer 2018"]
[Site "Berlin"]
[Date "2018.07.05"]
[Round "6.12"]
[White "Namestnikov, Boris"]
[Black "Foerster, Jonas"]
[Result "0-1"]
[WhiteElo "1890"]
[BlackElo "2284"]
[Annotator "Lange,A1&BB_R_640941"]
[PlyCount "63"]
[EventDate "2018.06.30"]
[EventType "swiss"]
[EventRounds "9"]
[EventCountry "GER"]
[SourceTitle "WOOKS_2018_R6"]
[Source "Andreas Lange"]
[SourceDate "2018.07.05"]
[SourceVersion "1"]
[SourceVersionDate "2018.07.05"]
[SourceQuality "1"]
[WhiteTeam "SK Zehlendorf"]
[BlackTeam "SV Empor Berlin"]
[WhiteTeamCountry "GER"]
[BlackTeamCountry "GER"]

{A40: Verschiedene (seltene) Antworten auf 1.d4} 1. d4 g6 2. c4 Bg7 3. e4 Nc6
4. Nf3 e5 5. d5 Nd4 6. Nbd2 $146 (6. Be3 c5 7. dxc6 (7. Nc3 d6 8. h3 Ne7 9. g4
f5 10. gxf5 gxf5 11. Rg1 Ng6 12. Ng5 Nh4 13. Qh5+ Ng6 14. O-O-O f4 15. Nxh7 Qe7
16. Qxg6+ Kd8 17. Qxg7 Rxh7 18. Qg8+ Kc7 19. Bxd4 exd4 20. Nb5+ Kb6 21. Bd3
Rxh3 {Boettcher,F (1912)-Calamar,G (1489), Potsdamer Weihnachtsturnier 2010,
1-0}) 7... dxc6 8. Bxd4 (8. h3 Ne7 9. Nc3 O-O 10. Bd3 f5 11. O-O Nxf3+ 12. gxf3
f4 13. Bc5 Bxh3 14. Re1 b6 15. Bf1 Bxf1 16. Qxd8 Rfxd8 17. Bxe7 Rd7 18. Rxf1
Rxe7 19. Rfd1 Bf8 20. Rd6 Rc7 21. Rd3 Bc5 22. Ne2 Bd4 {Montolio Benedicto,C 
(1956)-Vogel,R (2258), Berlin, Lichtenberger Sommer 2012, 0-1}) 8... exd4 9.
Bd3 Ne7 10. O-O O-O 11. Nbd2 c5 12. h3 Nc6 13. a3 Qc7 14. Ne1 f5 15. exf5 Bxf5
16. Bxf5 Rxf5 17. Nd3 Ne5 18. Ne4 b6 19. Nxe5 Rxe5 20. Qd3 Rae8 {Mattick,L 
(2220)-Kauschmann,H (2235), Berlin, ELO-Turnier SC Kreuzberg 1991, 0-1 (35)}) (
6. Nxd4 exd4 7. Bd3 d6 8. O-O Nf6 9. Nd2 c5 10. h3 O-O 11. f4 b5 12. cxb5 a6
13. Qf3 axb5 14. Bxb5 Ba6 15. Bxa6 Rxa6 16. Nc4 Qe7 17. e5 dxe5 18. fxe5 Nd7
19. Bf4 Nxe5 20. Nxe5 Bxe5 {Neerforth,P (2127)-Kauschmann,H (2221), Berlin,
Lichtenberger Sommer 2005, 1-0}) 6... c5 7. Nxd4 exd4 8. Be2 d6 9. O-O Nf6 10.
f3 h5 11. Nb3 Bd7 12. Bf4 Qc7 13. Qd2 h4 14. Qe1 O-O 15. Nc1 Nh5 16. Bd2 d3 17.
Bxd3 Bxb2 18. Rb1 Bd4+ 19. Be3 Bg7 20. Ne2 f5 21. Qd2 Rfe8 22. Rb3 fxe4 23.
Bxe4 Bf5 24. Bxf5 gxf5 25. Rfb1 b6 26. a4 Re7 27. Bg5 Rae8 28. Bxe7 Qxe7 29.
Kf1 Qe5 30. f4 Qe4 31. a5 h3 32. Rxh3 0-1

[Event "Werner-Ott-Open Kreuzberger Sommer 2018"]
[Site "Berlin"]
[Date "2018.07.05"]
[Round "6.13"]
[White "Jeremic, Dusan"]
[Black "Dathe, Frederick"]
[Result "0-1"]
[WhiteElo "2179"]
[BlackElo "1895"]
[Annotator "Lange,A1&BB_R_640941"]
[PlyCount "153"]
[EventDate "2018.06.30"]
[EventType "swiss"]
[EventRounds "9"]
[EventCountry "GER"]
[SourceTitle "WOOKS_2018_R6"]
[Source "Andreas Lange"]
[SourceDate "2018.07.05"]
[SourceVersion "1"]
[SourceVersionDate "2018.07.05"]
[SourceQuality "1"]
[WhiteTeam "SF Berlin 1903"]
[BlackTeam "SC Kreuzberg"]
[WhiteTeamCountry "GER"]
[BlackTeamCountry "GER"]

{B01: Skandinavische Verteidigung} 1. e4 d5 2. exd5 Qxd5 3. Nc3 Qd6 4. Bc4 Nf6
5. d3 (5. Nge2 a6 6. d4 (6. a3 Qc6 7. d3 Qxg2 8. Rf1 e5 9. Be3 b5 10. Bxb5+
axb5 11. Nxb5 Na6 12. d4 Ng4 13. Qd3 Nxh2 14. Ng3 Nxf1 15. O-O-O Nxe3 16. Qxe3
Be6 17. d5 Bxd5 18. Qxe5+ Be6 19. Nc3 Qxf2 20. Qb5+ Ke7 {Telianer,M (1365)
-Fock,A (1781), Berlin, BEM 2018 Qualifikationsturnier 0-1}) 6... b5 7. Bb3 Bb7
8. Bf4 Qd8 9. O-O e6 10. Ng3 b4 11. Na4 Nd5 12. Bd2 Nd7 13. Re1 Qh4 14. Ne4 Be7
15. c4 bxc3 16. bxc3 O-O 17. Qf3 Rab8 18. Qg3 Qxg3 19. hxg3 Rfc8 {Mueller,K 
(2425)-Hargens,T (2255), 1. Bundesliga 1990/91, Hamburg 1991 1-0 (73)}) 5... g6
$146 (5... a6 6. Nf3 (6. a3 b5 7. Ba2 Bb7 8. Nf3 e6 9. O-O Nbd7 10. Re1 Be7 11.
Be3 c5 12. Nd2 O-O 13. Nde4 Qc6 14. f3 Rad8 15. Qe2 Rfe8 16. Rad1 Nd5 17. Nxd5
exd5 18. Ng3 Bf6 19. Qf2 Bxb2 20. c4 Bc3 {Huels,M (1890)-Krastev,A (1988), DVM
U14, Verden/Aller 2017, 0-1 (50)}) (6. h3 b5 7. Bb3 Bb7 8. Nf3 e6 9. Bg5 Nbd7
10. Bh4 Be7 11. Bg3 Qb6 12. O-O O-O 13. a4 b4 14. a5 Qa7 15. Na4 Rfd8 16. Nd2
Rac8 17. Nc4 Nc5 18. Nxc5 Bxc5 19. Qe2 Qa8 20. Ne3 Bd4 {Grozea,F (1561)
-Baumann,M (1719), Willingen , Offene DEM 2017 Jugend A, ½-½ (31)}) 6... b5
7. Bb3 Bb7 8. a3 e6 9. Bg5 Nbd7 10. Bh4 Be7 11. Bg3 Qb6 12. Qe2 O-O 13. O-O Nh5
14. Ne4 Nxg3 15. hxg3 Nc5 16. Nxc5 Bxc5 17. c3 Rad8 18. d4 Be7 19. Ne5 g6 20.
Rad1 {Krefenstein,S (2017)-Pueschel,W (2167), Berlin, BEM 2011 OQT, 0-1 (36)})
6. Nf3 Bg7 7. O-O O-O 8. Nb5 Qd8 9. Bf4 Na6 10. Qd2 c6 11. Nc3 Nc5 12. Rfe1 Be6
13. Be3 Nce4 {(=)} 14. Nxe4 Nxe4 15. Qb4 Bxc4 16. dxe4 Ba6 17. Bc5 Re8 18. Rad1
Qc7 19. e5 b6 20. Be3 Rad8 21. Rxd8 Rxd8 22. Bg5 c5 23. Qh4 Rd7 24. Bf4 e6 25.
Bh6 Bxe5 26. h3 Bh8 27. Bf4 Qd8 28. Ng5 f6 29. Nxe6 Qe8 30. Re3 Qf7 31. Bg3 Re7
32. Nd8 Qe8 33. Rxe7 Qxe7 34. Nc6 Qe1+ 35. Kh2 Qe6 36. Qa4 Bb7 37. Nd8 Qe4 38.
Qxe4 Bxe4 39. c3 Bd5 40. b3 b5 41. c4 bxc4 42. bxc4 Bxc4 43. Nc6 Bxa2 44. Nxa7
f5 45. Bf4 Bb2 46. Kg1 Kf7 47. Kf1 Bc4+ 48. Ke1 Bc3+ 49. Kd1 Bf1 50. g3 Bxh3
51. Nb5 Bf6 52. Ke2 g5 53. Be3 Be7 54. f3 h5 55. Bd2 h4 56. gxh4 gxh4 57. Kf2
Ke6 58. Nc3 c4 59. Be3 Ke5 60. Ne2 Bg4 61. Bd4+ Kd5 62. Bc3 Bc5+ 63. Kg2 h3+
64. Kf1 h2 65. Nf4+ Kc6 66. Kg2 Bxf3+ 67. Kxh2 Bf2 68. Nh3 Be3 69. Kg3 Be4 70.
Nf4 Kb5 71. Ne6 Ka4 72. Nd4 Ka3 73. Ne2 Kb3 74. Be1 Kc2 75. Bb4 Kd3 76. Nc3 Bd2
77. Nxe4 0-1

[Event "Werner-Ott-Open Kreuzberger Sommer 2018"]
[Site "Berlin"]
[Date "2018.07.05"]
[Round "6.14"]
[White "Kauschmann, Herbert"]
[Black "Stein, Siegfried"]
[Result "1-0"]
[WhiteElo "2162"]
[BlackElo "1817"]
[Annotator "Lange,A1&BB_R_640941"]
[PlyCount "54"]
[EventDate "2018.06.30"]
[EventType "swiss"]
[EventRounds "9"]
[EventCountry "GER"]
[SourceTitle "WOOKS_2018_R6"]
[Source "Andreas Lange"]
[SourceDate "2018.07.05"]
[SourceVersion "1"]
[SourceVersionDate "2018.07.05"]
[SourceQuality "1"]
[WhiteTeam "BSC Rehberge 1945"]
[BlackTeam "SV Berolina Mitte"]
[WhiteTeamCountry "GER"]
[BlackTeamCountry "GER"]

{C56: Zweispringerspiel} 1. e4 e5 2. Nf3 Nc6 3. d4 exd4 4. Bc4 Nf6 5. e5 d5 6.
Bb5 Ne4 7. Nxd4 Bd7 8. Bxc6 bxc6 9. O-O Bc5 10. c3 O-O 11. Be3 $146 (11. f3 Ng5
12. f4 Ne6 (12... Ne4 13. Nd2 Nxd2 14. Bxd2 Bf5 15. Be3 Bxd4 16. Bxd4 Qd7 17.
h3 Be4 18. g4 Qe7 19. b4 Qd7 20. Qd2 f6 21. exf6 gxf6 22. Kh2 Kf7 23. Qf2 Qe6
24. a4 a6 25. Qh4 Rg8 26. Rf2 Qd6 27. a5 {Schmidt,M (2097)-Deutschbein,C (1984)
, Berlin, Lichtenberger Sommer 2014, ½-½ (35)}) 13. f5 Ng5 14. Qh5 Ne4 15. f6
gxf6 16. exf6 Re8 17. Nd2 Bf8 18. Nxe4 Rxe4 19. Bh6 Bxh6 20. Qxh6 Rg4 21. Rf4
Rg6 22. Qh4 Qf8 23. Nf5 Bxf5 24. Rxf5 Rb8 25. Rh5 h6 {Weller,U (1501)
-Wierzbicki,J (1759), DEM 2013 U12/U12w, Oberhof 2013 ½-½ (47)}) (11. Nd2
Nxd2 12. Bxd2 Qh4 13. Be3 Rae8 14. Nf5 Qc4 15. b3 Qb5 16. a4 Qb6 17. a5 Qb5 18.
c4 dxc4 19. Qxd7 Bxe3 20. Nxe3 cxb3 21. Qxc7 Rxe5 22. Qxa7 Rb8 23. Qd4 Ree8 24.
Rfd1 c5 25. Qc4 Qc6 {Schulz,T (1689)-Koch,E (1739), Willingen, DEM 2016 U16w,
0-1 (83)}) 11... Bb6 12. f3 Ng5 13. Qd2 Ne6 14. f4 Nxd4 15. cxd4 Bf5 16. Qc3
Qd7 17. Rc1 Rad8 18. Qxc6 Rfe8 19. Qxd7 Bxd7 20. b4 f6 21. Bf2 a5 22. a3 Rf8
23. Rd1 fxe5 24. fxe5 Rf4 25. Nc3 g6 26. Nxd5 Rxf2 27. Kxf2 Bg4 1-0

[Event "Werner-Ott-Open Kreuzberger Sommer 2018"]
[Site "Berlin"]
[Date "2018.07.05"]
[Round "6.15"]
[White "Dittrich, Tom"]
[Black "Schulz, Hartmut"]
[Result "1/2-1/2"]
[WhiteElo "1931"]
[BlackElo "2080"]
[Annotator "Lange,A1&BB_R_640941"]
[PlyCount "29"]
[EventDate "2018.06.30"]
[EventType "swiss"]
[EventRounds "9"]
[EventCountry "GER"]
[SourceTitle "WOOKS_2018_R6"]
[Source "Andreas Lange"]
[SourceDate "2018.07.05"]
[SourceVersion "1"]
[SourceVersionDate "2018.07.05"]
[SourceQuality "1"]
[WhiteTeam "SG Stadtilm"]
[BlackTeam "SC Rochade"]
[WhiteTeamCountry "GER"]
[BlackTeamCountry "GER"]

{B17: Caro-Kann-Verteidigung} 1. e4 c6 2. d4 d5 3. Nc3 dxe4 4. Nxe4 Nd7 5. Bd3
Ngf6 6. Ng5 e6 7. N1f3 Bd6 8. Qe2 h6 9. Ne4 Nxe4 10. Qxe4 Nf6 11. Qe2 c5 $146 (
11... O-O 12. Ne5 (12. Bd2 Qc7 13. O-O-O c5 14. h4 Bd7 15. dxc5 Qxc5 16. Kb1
Rfe8 17. Be3 Qc7 18. Nd4 a6 19. g4 Nd5 20. g5 Ba3 21. Bc1 Qb6 22. Nb3 Bd6 23.
gxh6 g6 24. h5 e5 25. hxg6 Nf4 26. gxf7+ Kxf7 {Kurz,C (2122)-Kiessling,B (1699)
, Berlin, Lichtenberger Sommer 2010, 1-0 (31)}) 12... c5 13. dxc5 Qa5+ 14. Bd2
Qxc5 15. f4 Qc7 16. O-O-O b6 17. g4 Bb7 18. Rhg1 Nd7 19. Nxd7 Qxd7 20. g5 hxg5
21. Rxg5 f5 22. Rdg1 Rf7 23. Kb1 Rc8 24. Rg6 Re7 25. Qh5 Qe8 26. Qh4 {Wimmer,T
(1881)-Schulz,H (2106), Berlin, Lichtenberger Sommer 2014, 1-0}) 12. Bd2 Qc7
13. dxc5 Bxc5 14. O-O-O Bd7 15. Ne5 1/2-1/2

[Event "Werner-Ott-Open Kreuzberger Sommer 2018"]
[Site "Berlin"]
[Date "2018.07.05"]
[Round "6.16"]
[White "Jess, Arne"]
[Black "Schulz, Olaf"]
[Result "0-1"]
[WhiteElo "1842"]
[BlackElo "2019"]
[Annotator "Lange,A1&BB_R_640941"]
[PlyCount "104"]
[EventDate "2018.06.30"]
[EventType "swiss"]
[EventRounds "9"]
[EventCountry "GER"]
[SourceTitle "WOOKS_2018_R6"]
[Source "Andreas Lange"]
[SourceDate "2018.07.05"]
[SourceVersion "1"]
[SourceVersionDate "2018.07.05"]
[SourceQuality "1"]
[WhiteTeam "TSG Fredersdorf/Vogelsdorf"]
[BlackTeam "vereinslos"]
[WhiteTeamCountry "GER"]

{B07: Pirc-Ufimzew-Verteidigung} 1. e4 g6 2. d4 Bg7 3. Be3 Nf6 4. Nc3 d6 5. f3
Nbd7 6. Qd2 c5 $146 (6... e5 7. d5 (7. O-O-O Qe7 8. Nb5 Nb8 9. dxe5 dxe5 10.
Bc5 Bh6 11. Qxh6 {1-0 (11) Heemsoth,H-Lange,W, Berlin, DEM 1953 (DSB)}) 7...
O-O 8. O-O-O Nh5 9. g4 Nf4 10. Nge2 Nxe2+ 11. Nxe2 f5 12. gxf5 gxf5 13. exf5
Qh4 14. Ng3 Nb6 15. Bg5 Qa4 16. Kb1 Bxf5 17. Be7 Bg6 18. Bxf8 Rxf8 19. Bd3 Nc4
20. Bxc4 Qxc4 21. Rhf1 {Hoppe,F-Gorodezkij,G, BMM 1992/93 Klasse 1.2, Berlin
1993, 0-1 (41)}) (6... e6 7. O-O-O h6 8. h4 Nb6 9. g4 Bd7 10. g5 Ng8 11. Bd3 h5
12. Nge2 Ne7 13. f4 c6 14. Ng3 Qc7 15. f5 exf5 16. exf5 gxf5 17. Be2 O-O-O 18.
Nxh5 Rxh5 19. Bxh5 Nc4 20. Qd3 Be6 21. b3 {Maetzkow,M (2090)-Pfau,B (2053),
Berlin, Lichtenrader Herbst 2017, ½-½ (32)}) 7. O-O-O Qa5 8. Kb1 cxd4 9. Bxd4
O-O 10. Nd5 Qd8 11. Ne2 Nxd5 12. Bxg7 Kxg7 13. exd5 Nf6 14. Nc3 a6 15. Qd4 b5
16. g4 Kg8 17. h4 Rb8 18. h5 Bb7 19. h6 e5 20. dxe6 fxe6 21. Be2 e5 22. Qb4 Ne8
23. Nd5 Bxd5 24. Rxd5 Rf4 25. Qb3 Kh8 26. Rd3 Qf6 27. Qd5 Qf7 28. Qc6 {(=)} Rc4
29. Qd5 Qxd5 30. Rxd5 Rf4 31. Rd3 Rc8 32. Re3 Kg8 33. Bd3 Nf6 34. Be2 Kf7 35.
b3 Nd5 36. Rd3 Nc3+ 37. Rxc3 Rxc3 38. Kb2 Re3 39. Rh2 d5 40. Bd1 b4 41. Be2 a5
42. a3 Kf6 43. axb4 axb4 44. Kc1 Rd4 45. Rf2 Kg5 46. Rh2 Kf4 47. Bd3 Re1+ 48.
Kd2 Ra1 49. Ke2 e4 50. fxe4 dxe4 51. Bc4 Kg3 52. Rf2 Rd2+ 0-1

[Event "Werner-Ott-Open Kreuzberger Sommer 2018"]
[Site "Berlin"]
[Date "2018.07.05"]
[Round "6.17"]
[White "Ziems, Michael"]
[Black "Werner, Dimo"]
[Result "1/2-1/2"]
[WhiteElo "1798"]
[BlackElo "2012"]
[Annotator "Lange,A1&BB_R_640941"]
[PlyCount "47"]
[EventDate "2018.06.30"]
[EventType "swiss"]
[EventRounds "9"]
[EventCountry "GER"]
[SourceTitle "WOOKS_2018_R6"]
[Source "Andreas Lange"]
[SourceDate "2018.07.05"]
[SourceVersion "1"]
[SourceVersionDate "2018.07.05"]
[SourceQuality "1"]
[WhiteTeam "SV Empor Berlin"]
[BlackTeam "TSV Schott Mainz"]
[WhiteTeamCountry "GER"]
[BlackTeamCountry "GER"]

{E20: Nimzoindisch (Seltene Züge)} 1. d4 Nf6 2. c4 e6 3. Nc3 Bb4 4. Bf4 O-O 5.
e3 d5 6. Nf3 dxc4 7. Bxc4 Nd5 8. Bxd5 exd5 9. O-O c6 10. Qc2 Qf6 $146 (10...
Bg4 11. Ne5 Bh5 12. Qf5 Bg6 13. Nxg6 hxg6 14. Qg4 Bd6 15. a3 Bxf4 16. Qxf4 Na6
17. b4 Nc7 18. Rfc1 a6 19. Na4 Nb5 20. Nc5 Nd6 21. Rab1 Qe7 22. a4 g5 23. Qe5
Qd8 24. b5 Re8 25. Qg3 {Ziems,M (1802)-Oginski,U (1769), Berlin, Lichtenberger
Sommer 2016, 0-1 (38)}) 11. Rac1 Na6 12. Ne5 Qe7 13. Qa4 f6 14. Nd3 Bd6 15.
Bxd6 Qxd6 16. Ne2 Bg4 17. Nc3 Bf5 18. Nf4 Qb4 19. Qxb4 Nxb4 20. a3 Nd3 21. Nxd3
Bxd3 22. Rfd1 Bc4 23. Rd2 a5 24. Na4 1/2-1/2

[Event "Werner-Ott-Open Kreuzberger Sommer 2018"]
[Site "Berlin"]
[Date "2018.07.05"]
[Round "6.18"]
[White "Heerde, Thomas"]
[Black "Grassi, Fabrizio"]
[Result "0-1"]
[WhiteElo "2010"]
[BlackElo "1872"]
[Annotator "Lange,A1&BB_R_640941"]
[PlyCount "122"]
[EventDate "2018.06.30"]
[EventType "swiss"]
[EventRounds "9"]
[EventCountry "GER"]
[SourceTitle "WOOKS_2018_R6"]
[Source "Andreas Lange"]
[SourceDate "2018.07.05"]
[SourceVersion "1"]
[SourceVersionDate "2018.07.05"]
[SourceQuality "1"]
[WhiteTeam "SC Weisse Dame"]
[BlackTeam "SV Berlin-Friedrichstadt"]
[WhiteTeamCountry "GER"]
[BlackTeamCountry "GER"]

{B01: Skandinavische Verteidigung} 1. e4 d5 2. exd5 Nf6 3. Bb5+ Bd7 4. Bc4 Bg4
5. f3 Bc8 6. Nc3 Nbd7 7. Nge2 Nb6 8. b3 $146 (8. Bb3 a5 9. a3 a4 10. Ba2 Nbxd5
11. Nxd5 Nxd5 12. d4 e6 13. O-O b6 14. c4 Nf6 15. Bg5 Ra5 16. f4 h6 17. Bh4 g5
18. fxg5 hxg5 19. Bg3 Ng4 20. Qd2 Bd6 21. c5 Bxg3 22. hxg3 Rxc5 {Mai,F (1209)
-Wolf,C (1530), Willingen, DEM 2004 U14w, 1-0 (37)}) 8... Nfxd5 9. Nxd5 Nxd5
10. Bb2 Nb6 11. O-O Nxc4 12. bxc4 e6 13. Kh1 b6 14. f4 Bb7 15. Ng3 Qd7 16. d3
h5 17. Nxh5 Qc6 18. Rg1 O-O-O 19. Qg4 Bc5 20. Bxg7 Rdg8 21. Nf6 Bd4 22. Bxh8
Rxg4 23. Nxg4 Bxh8 24. Ne5 Qa4 25. Rac1 f6 26. Ng6 Bg7 27. Rge1 Kd7 28. Re2 Bc8
29. c3 c5 30. h4 Ke8 31. h5 Kf7 32. g4 Qc6+ 33. Rg2 Bb7 34. Rcc2 Qd6 35. Rcd2
Bxg2+ 36. Kxg2 Qc6+ 37. Kg3 Qh1 38. Rf2 Qg1+ 39. Kf3 Qh1+ 40. Kg3 Qe1 41. g5
Qe3+ 42. Kg2 fxg5 43. fxg5+ Kg8 44. Ne7+ Kh7 45. g6+ Kh6 46. Rf7 Qe2+ 47. Kg1
Qxh5 48. Kf2 Qh2+ 49. Kf3 Qh3+ 50. Ke4 Qh4+ 51. Kf3 Qh5+ 52. Kf2 Qh2+ 53. Kf3
Qd2 54. Kg4 Qxd3 55. Rf3 Qxc4+ 56. Rf4 Qxc3 57. Rf3 Qd4+ 58. Kh3 c4 59. Kg2
Qg4+ 60. Rg3 Qxg3+ 61. Kxg3 c3 0-1

[Event "Werner-Ott-Open Kreuzberger Sommer 2018"]
[Site "Berlin"]
[Date "2018.07.05"]
[Round "6.19"]
[White "Woerz, Markus"]
[Black "Rausch, Erik"]
[Result "1-0"]
[WhiteElo "2007"]
[BlackElo "1711"]
[Annotator "Lange,A1&BB_R_640941"]
[PlyCount "59"]
[EventDate "2018.06.30"]
[EventType "swiss"]
[EventRounds "9"]
[EventCountry "GER"]
[SourceTitle "WOOKS_2018_R6"]
[Source "Andreas Lange"]
[SourceDate "2018.07.05"]
[SourceVersion "1"]
[SourceVersionDate "2018.07.05"]
[SourceQuality "1"]
[WhiteTeam "SC Kreuzberg"]
[BlackTeam "SC Kreuzberg"]
[WhiteTeamCountry "GER"]
[BlackTeamCountry "GER"]

{B33: Sizilianisch (Lasker/Pelikan/Sweschnikow-Variante)} 1. e4 c5 2. Nf3 Nc6
3. d4 cxd4 4. Nxd4 Qb6 5. Nb3 Nf6 6. Nc3 e6 7. Be3 Qc7 8. Bd3 a6 9. f4 d6 10.
Qf3 g6 (10... b5 11. O-O-O Bb7 12. g4 Nb4 13. Kb1 d5 14. g5 dxe4 15. Nxe4 Nxe4
16. Bxe4 Qxc2+ 17. Bxc2 {0-1 (17) Stark,I (2148)-Carrasco Jacome,B (2101),
Berlin, BEM 2018 Klasse M}) (10... Be7 11. h3 Nb4 12. O-O-O d5 13. e5 Nxd3+ 14.
Rxd3 Nd7 15. g4 Nc5 16. Nxc5 Bxc5 17. Bxc5 Qxc5 18. Rhd1 O-O 19. h4 b5 20. f5
f6 21. fxe6 Bxe6 22. exf6 Rxf6 23. Qg2 Rf2 24. Qg1 Raf8 25. R3d2 Qe3 26. Qe1 d4
27. Qxe3 dxe3 28. Re2 Rxe2 29. Nxe2 Bxg4 30. Re1 Bxe2 31. c3 Rf1 32. Rxf1 Bxf1
33. Kd1 e2+ {0-1 (33) Puchas,H (1439)-Korek,J (1517), Willingen, DEM 2018 U10})
11. O-O Bg7 12. Rad1 O-O 13. Rd2 Rb8 14. g4 b5 15. a3 Bb7 16. h3 Ne7 17. Qg2 d5
18. Nd4 dxe4 19. Nxe4 Kh8 20. c3 Ned5 21. Qe2 Nxe3 22. Qxe3 Nd5 23. Qf2 Bh6 24.
g5 Bg7 25. h4 Rbd8 26. h5 h6 27. hxg6 e5 28. gxh6 Bxh6 29. Qh4 Kg7 30. Nf5+ 1-0

[Event "Werner-Ott-Open Kreuzberger Sommer 2018"]
[Site "Berlin"]
[Date "2018.07.05"]
[Round "6.20"]
[White "Ruether, Marc"]
[Black "Buttkus, Andre"]
[Result "0-1"]
[WhiteElo "1792"]
[BlackElo "2004"]
[Annotator "Lange,A1&BB_R_640941"]
[PlyCount "65"]
[EventDate "2018.06.30"]
[EventType "swiss"]
[EventRounds "9"]
[EventCountry "GER"]
[SourceTitle "WOOKS_2018_R6"]
[Source "Andreas Lange"]
[SourceDate "2018.07.05"]
[SourceVersion "1"]
[SourceVersionDate "2018.07.05"]
[SourceQuality "1"]
[WhiteTeam "Queer-Springer SSV"]
[BlackTeam "SK Tempelhof 1931"]
[WhiteTeamCountry "GER"]
[BlackTeamCountry "GER"]

{B22: Sizilianisch (Alapin 2.c3)} 1. e4 c5 2. c3 g6 3. d4 cxd4 4. cxd4 d5 5. e5
Bg7 6. Nc3 Nh6 (6... Nc6 7. Bb5 Nh6 8. h3 O-O 9. Nf3 {0-1 (31) Hovhanisian,M 
(2499)-Guseinov,G (2634), Berlin Meierei Bolle, Blitz WM 2015}) 7. h3 O-O 8.
Nf3 b6 9. Be2 Nc6 10. Bf4 f6 11. exf6 exf6 12. Nb5 a6 13. Qc1 axb5 14. Qxc6 Ra7
15. O-O g5 16. Bh2 g4 17. hxg4 Bxg4 18. Qxb5 Nf5 19. Qd3 Re8 20. Rfe1 Re4 21.
Rac1 Rae7 22. Kf1 Bh6 23. Rc2 Qe8 24. Qb3 Qf7 25. Rc8+ Kg7 26. Ne5 Bxe2+ 27.
Rxe2 fxe5 28. Bxe5+ R7xe5 29. dxe5 Rxe2 30. Qxb6 Ng3+ 31. Kg1 Re1+ 32. Kh2 Rh1+
33. Kxg3 0-1

[Event "Werner-Ott-Open Kreuzberger Sommer 2018"]
[Site "Berlin"]
[Date "2018.07.05"]
[Round "6.32"]
[White "Plaza Reino, Agustin"]
[Black "Fiedler, Ronald"]
[Result "1-0"]
[WhiteElo "1923"]
[BlackElo "1663"]
[Annotator "Lange,A1&BB_R_640941"]
[PlyCount "81"]
[EventDate "2018.06.30"]
[EventType "swiss"]
[EventRounds "9"]
[EventCountry "GER"]
[SourceTitle "WOOKS_2018_R6"]
[Source "Andreas Lange"]
[SourceDate "2018.07.05"]
[SourceVersion "1"]
[SourceVersionDate "2018.07.05"]
[SourceQuality "1"]
[WhiteTeam "Enniscorthy CC"]
[BlackTeam "SpVg Laeufer Reinickendorf"]
[WhiteTeamCountry "IRL"]
[BlackTeamCountry "GER"]

{B41: Sizilianisch (Paulsen-Variante)} 1. e4 c5 2. Nf3 e6 3. d4 cxd4 4. Nxd4
Nc6 5. c4 a6 6. Nc3 Qc7 7. Be3 Nf6 8. Bd3 Ne5 9. Rc1 Nxd3+ (9... Bc5 10. Nc2
Bxe3 11. Nxe3 b6 12. O-O Bb7 13. f4 Nxd3 14. Qxd3 d6 15. Rcd1 Qc5 16. Kh1 O-O
17. Rf3 h6 {½-½ (17) Baier,R (1852)-Weissenbach,K (1861), BMM 2006/07
Stadtliga B, Berlin 2006}) 10. Qxd3 Bb4 11. a3 Bxc3+ 12. Rxc3 O-O 13. Ne2 Ng4
14. Bd4 e5 15. Be3 Qd8 16. f3 Nxe3 17. Qxe3 d6 18. O-O Be6 19. Rd1 Qe7 20. Qb6
Rfd8 21. b3 Rac8 22. Rcd3 Rc6 23. Qb4 b6 24. a4 Qc7 25. Nc3 h6 26. Na2 Rc5 27.
Nc3 Kh7 28. Qa3 f6 29. Qb2 b5 30. axb5 axb5 31. Nxb5 Qb6 32. Qf2 Rxb5 33. cxb5
Qxb5 34. h3 Bxb3 35. Rxd6 Ra8 36. Rb1 Qc4 37. Rd2 Ra2 38. Kh2 Rxd2 39. Qxd2 Qe6
40. Qc3 Bc4 41. Rb7 1-0